[Event "73. Deutsche Meisterschaft"]
[Site "Altenkirchen"]
[Date "2001.11.30"]
[Round "1"]
[White "Mueller, Karsten"]
[Black "Knuth, Hannes"]
[Result "1-0"]
[WhiteElo "2506"]
[BlackElo "2313"]
[PlyCount "77"]

1. e4 c5 2. Nf3 Nc6 3. d4 cxd4 4. Nxd4 Nf6 5. Nc3 e6 6. Nxc6 bxc6 7. Bd3 e5 8.
O-O Be7 9. f4 d6 10. Kh1 Nd7 11. Qg4 Bf6 12. f5 h6 13. Be3 Bg5 14. Bg1 h5 15.
Qe2 h4 16. Rad1 Nf6 17. Bc4 Nh5 18. Bf2 Qf6 19. Qd3 Rh6 20. Ba6 Ng3+ 21. Bxg3
hxg3 22. h3 Bf4 23. Bxc8 Rxc8 24. Ne2 g5 25. fxg6 Rxg6 26. Nxf4 exf4 27. e5 Qg5
28. exd6 Rd8 29. d7+ Kf8 30. Qf3 Re6 31. Rd4 Re3 32. Qd1 Qe5 33. Rdxf4 Rxd7 34.
Qxd7 Qxf4 35. Qd1 Qf2 36. Rxf2 gxf2 37. Kh2 Re1 38. Qd8+ Re8 39. Qf6 1-0

[Event "73. Deutsche Meisterschaft"]
[Site "Altenkirchen"]
[Date "2001.11.30"]
[Round "1"]
[White "Muranyi, Karl-Jasmin"]
[Black "Levin, Felix"]
[Result "0-1"]
[WhiteElo "2331"]
[BlackElo "2531"]
[PlyCount "76"]

1. d4 Nf6 2. c3 g6 3. Bg5 Bg7 4. Nd2 d6 5. e3 Nbd7 6. Bc4 O-O 7. Ne2 b6 8. O-O
Bb7 9. a4 a6 10. f3 c5 11. Qb3 d5 12. Bd3 c4 13. Nxc4 dxc4 14. Bxc4 Qc7 15. e4
Rac8 16. Bd3 Nc5 17. Qd1 Nxd3 18. Qxd3 e6 19. Rfc1 Nd7 20. c4 e5 21. d5 Nc5 22.
Qa3 a5 23. Be3 f5 24. Nc3 Rf7 25. Nb5 Qb8 26. Bxc5 Rxc5 27. Qe3 Qf8 28. Rc3 Bh6
29. Qe2 Rc8 30. exf5 Rxf5 31. Rf1 Qc5+ 32. Kh1 Re8 33. Rb3 Rf4 34. Nc3 Ba6 35.
Qf2 Bxc4 36. Rxb6 Qd4 37. Nb5 Qxf2 38. Rxf2 Bxb5 0-1

[Event "73. Deutsche Meisterschaft"]
[Site "Altenkirchen"]
[Date "2001.11.30"]
[Round "1"]
[White "Bischoff, Dieter"]
[Black "Rabiega, Robert"]
[Result "0-1"]
[WhiteElo "2313"]
[BlackElo "2503"]
[PlyCount "58"]

1. d4 d5 2. c4 e6 3. Nc3 Bb4 4. Nf3 Nf6 5. Bg5 dxc4 6. Qa4+ Nc6 7. e3 Qd5 8.
Bxf6 gxf6 9. Qxb4 Nxb4 10. Nxd5 exd5 11. Kd2 Bf5 12. Ne1 a5 13. f3 O-O-O 14.
Be2 c5 15. dxc5 Na6 16. Nc2 Bxc2 17. Kxc2 Rhe8 18. Kd2 Nxc5 19. Rhe1 b5 20. Bf1
Kc7 21. Rad1 Re5 22. Kc2 Rde8 23. Rd4 Rxe3 24. Rxe3 Rxe3 25. Rxd5 Kc6 26. Kd2
Kxd5 27. Kxe3 Na4 28. b3 Nc3 29. bxc4+ bxc4 0-1

[Event "73. Deutsche Meisterschaft"]
[Site "Altenkirchen"]
[Date "2001.11.30"]
[Round "1"]
[White "Prusikhin, Mikhajlo"]
[Black "Dunsbach, Dr., Ralf"]
[Result "1-0"]
[WhiteElo "2502"]
[BlackElo "2312"]
[PlyCount "81"]

1. d4 Nf6 2. Nf3 g6 3. c4 Bg7 4. g3 O-O 5. Bg2 d5 6. cxd5 Nxd5 7. O-O Nc6 8. e4
Nb6 9. d5 Na5 10. Qe1 Nac4 11. Nc3 e6 12. b3 Ne5 13. Nxe5 Bxe5 14. dxe6 Bxe6
15. Be3 Qd3 16. Rc1 Rad8 17. f4 Bd4 18. Bxd4 Qxd4+ 19. Rf2 c6 20. h3 Rfe8 21.
Kh2 h5 22. Rd1 Qb4 23. Rfd2 Qe7 24. e5 Bf5 25. Ne4 Bxe4 26. Qxe4 Rxd2 27. Rxd2
Rd8 28. Rxd8+ Qxd8 29. f5 gxf5 30. Qxf5 Qd1 31. e6 fxe6 32. Qxe6+ Kf8 33. Qf6+
Ke8 34. Qe5+ Kf7 35. Qb8 Qd7 36. Qxa7 Qc7 37. Qa5 c5 38. h4 Qd6 39. Qa7 Nd7 40.
Qxb7 Kg8 41. Qd5+ 1-0

[Event "73. Deutsche Meisterschaft"]
[Site "Altenkirchen"]
[Date "2001.11.30"]
[Round "1"]
[White "Christ, Ralf"]
[Black "Berezovsky, Igor"]
[Result "1-0"]
[WhiteElo "2272"]
[BlackElo "2432"]
[PlyCount "39"]

1. e4 c6 2. d4 d5 3. exd5 cxd5 4. c4 Nf6 5. Nc3 Nc6 6. Bg5 Be6 7. Be2 Qa5 8.
Nf3 O-O-O 9. O-O dxc4 10. Qc1 Bg4 11. Ne5 Nxd4 12. Nxc4 Qa6 13. Bxf6 Bxe2 14.
Nb6+ axb6 15. Bxd4 Bxf1 16. Nb5+ Kd7 17. Qc7+ Ke8 18. Bxb6 Ra8 19. Rd1 f6 20.
Qd7+ 1-0

[Event "73. Deutsche Meisterschaft"]
[Site "Altenkirchen"]
[Date "2001.11.30"]
[Round "1"]
[White "Bastian, Herbert"]
[Black "Bischoff, Klaus"]
[Result "0-1"]
[WhiteElo "2353"]
[BlackElo "2541"]
[PlyCount "92"]

1. e4 e6 2. d4 c5 3. c3 d5 4. e5 Nc6 5. Nf3 Bd7 6. dxc5 Bxc5 7. Bd3 Nge7 8. Qe2
Bb6 9. b4 a6 10. h4 Qb8 11. h5 Bc7 12. Bf4 f6 13. exf6 gxf6 14. Bh6 Kf7 15. Rh4
Nf5 16. Bxf5 exf5 17. Qd3 Re8+ 18. Kf1 Ne5 19. Nxe5+ Bxe5 20. Na3 Qc7 21. Rc1
Qc6 22. c4 Be6 23. c5 Rad8 24. Re1 d4 25. Kg1 Rg8 26. g3 Qd5 27. Bf4 Rde8 28.
Kh2 Qxa2 29. Nc2 Qc4 30. Qd2 Qd5 31. Rd1 Rd8 32. Bh6 Qf3 33. Rg1 Rg4 34. Rh3
Re4 35. Ne1 Qe2 36. Nd3 Qxd2 37. Bxd2 Re2 38. Bf4 Bc4 39. Rd1 Bxd3 40. Rxd3
Rxf2+ 41. Kg1 Rb2 42. Bd2 Rg8 43. Kf1 Ke6 44. Ke2 Rg4 45. Rh1 Bxg3 46. Kd1 Rb1+
0-1

[Event "73. Deutsche Meisterschaft"]
[Site "Altenkirchen"]
[Date "2001.11.30"]
[Round "1"]
[White "Schlindwein, Rolf"]
[Black "Bruehl, Andreas"]
[Result "1-0"]
[WhiteElo "2440"]
[BlackElo "2277"]
[PlyCount "53"]

1. d4 d5 2. Bf4 Nf6 3. e3 c5 4. c3 Nc6 5. Nd2 Bf5 6. Qb3 Qd7 7. dxc5 e5 8. Bg3
Bxc5 9. Ngf3 d4 10. Nxe5 Nxe5 11. cxd4 Be6 12. Qb5 Bxd4 13. Qxd7+ Nfxd7 14.
exd4 Nc6 15. Nf3 Nb4 16. Kd2 Nxa2 17. Bd6 Nb6 18. Bb5+ Kd8 19. Rhe1 Nc4+ 20.
Bxc4 Bxc4 21. Re7 Re8 22. Rae1 Rxe7 23. Rxe7 Rc8 24. Rxb7 Rc6 25. Bc5 Rg6 26.
Ne5 Bd5 27. Rd7+ 1-0

[Event "73. Deutsche Meisterschaft"]
[Site "Altenkirchen"]
[Date "2001.11.30"]
[Round "1"]
[White "Lobron, Eric"]
[Black "Keilhack, Harald"]
[Result "1-0"]
[WhiteElo "2524"]
[BlackElo "2318"]
[PlyCount "71"]

1. e4 c5 2. Nf3 e6 3. Nc3 d6 4. d4 cxd4 5. Qxd4 Nc6 6. Bb5 Bd7 7. Qd3 a6 8.
Bxc6 Bxc6 9. Bf4 e5 10. Be3 Qc7 11. Nd2 b5 12. a4 b4 13. Nd5 Qb7 14. Nc4 Bxd5
15. exd5 Nf6 16. Nb6 Rb8 17. a5 g6 18. Ra4 Bg7 19. Rxb4 O-O 20. O-O Nh5 21. c3
f5 22. f3 Nf6 23. Rc4 e4 24. Qd2 exf3 25. gxf3 Rf7 26. Rc6 Ne8 27. Re1 Be5 28.
Nc4 Qb5 29. Bb6 Nf6 30. Nxe5 dxe5 31. c4 Qb3 32. Re3 Qa2 33. Rxe5 Nd7 34. Ree6
Nf8 35. Re1 f4 36. Bd4 1-0

[Event "73. Deutsche Meisterschaft"]
[Site "Altenkirchen"]
[Date "2001.11.30"]
[Round "1"]
[White "Breutigam, Martin"]
[Black "Braun, Arik"]
[Result "1-0"]
[WhiteElo "2411"]
[BlackElo "2229"]
[PlyCount "99"]

1. b3 d5 2. Bb2 c5 3. e3 a6 4. Nf3 Nc6 5. d4 Nf6 6. Nbd2 Bg4 7. h3 Bh5 8. Be2
e6 9. O-O Rc8 10. Ne5 Bxe2 11. Qxe2 cxd4 12. exd4 Nxe5 13. dxe5 Rxc2 14. exf6
Rxb2 15. Qe5 Qxf6 16. Qb8+ Qd8 17. Qxb7 Bd6 18. Qc6+ Ke7 19. Qc3 Ba3 20. Nb1
Qd6 21. b4 Qxb4 22. Qg3 Rc8 23. Nxa3 Rc3 24. Qg5+ Ke8 25. Nb1 Rcc2 26. Qxg7 Qc5
27. Qg8+ Ke7 28. Qg5+ Ke8 29. Qg8+ Ke7 30. Qg5+ Ke8 31. Qg3 d4 32. Qd3 Qd6 33.
Na3 Rc3 34. Nc4 Rxd3 35. Nxd6+ Ke7 36. Nc4 Rc2 37. Rfc1 Rdc3 38. Rxc2 Rxc2 39.
Ne5 f6 40. Nd3 Kd6 41. Kf1 e5 42. f3 Rd2 43. Nf2 f5 44. g4 Ke6 45. a4 fxg4 46.
hxg4 Kd5 47. Ne4 Rh2 48. Nf2 Kc4 49. Rc1+ Kb4 50. Rc6 1-0

[Event "73. Deutsche Meisterschaft"]
[Site "Altenkirchen"]
[Date "2001.11.30"]
[Round "1"]
[White "Kleeschaetzky, Rainer"]
[Black "Slobodjan, Roman"]
[Result "1/2-1/2"]
[WhiteElo "2318"]
[BlackElo "2522"]
[PlyCount "112"]

1. e4 e5 2. Nf3 Nc6 3. c3 Nf6 4. d4 Nxe4 5. d5 Ne7 6. Nxe5 Ng6 7. Qd4 Qf6 8.
Qxe4 Qxe5 9. Qxe5+ Nxe5 10. Bf4 Bd6 11. Bg3 O-O 12. Nd2 f5 13. f3 b6 14. O-O-O
Bb7 15. Nc4 Nxc4 16. Bxc4 f4 17. Bf2 Rae8 18. Rhe1 Rxe1 19. Bxe1 Rf5 20. b4 Kf8
21. Kc2 Rh5 22. h3 Be5 23. Bf1 Ke7 24. c4 c6 25. dxc6 dxc6 26. Bf2 Bd6 27. a3
c5 28. b5 Re5 29. Re1 Rxe1 30. Bxe1 Be5 31. a4 a5 32. bxa6 Bxa6 33. Bd3 h6 34.
Kb3 Bb7 35. Bf5 Bc6 36. Bc8 Bd4 37. Bh4+ Bf6 38. Be1 Kd6 39. Bd2 Be5 40. Bf5 g5
41. Bd3 Ba1 42. Ka2 Bd4 43. Kb3 Ke5 44. Bg6 Kf6 45. Bd3 Ba1 46. Ka2 Be5 47. Kb3
h5 48. a5 bxa5 49. Bxa5 g4 50. hxg4 hxg4 51. Be2 Kg5 52. Bd8+ Bf6 53. Bc7 Bd4
54. Bd8+ Bf6 55. Bc7 Bd4 56. Bd8+ Bf6 1/2-1/2

[Event "73. Deutsche Meisterschaft"]
[Site "Altenkirchen"]
[Date "2001.11.30"]
[Round "1"]
[White "Scherer, Max"]
[Black "Tischbierek, Raj"]
[Result "0-1"]
[WhiteElo "2310"]
[BlackElo "2493"]
[PlyCount "86"]

1. c4 Nf6 2. g3 e5 3. Bg2 c6 4. Nf3 e4 5. Nd4 d5 6. Nc3 dxc4 7. Nc2 Bf5 8. Ne3
Bg6 9. Nxc4 Nbd7 10. O-O Be7 11. d3 exd3 12. exd3 b5 13. Ne3 Rc8 14. d4 Nb6 15.
a3 O-O 16. b4 Qd7 17. Bb2 Rfd8 18. Qb3 h5 19. Rfe1 Bf8 20. a4 Ng4 21. axb5 cxb5
22. Nxg4 hxg4 23. Ne4 Nc4 24. Nc5 Qc7 25. Ra6 Rd6 26. Bc3 Rxa6 27. Nxa6 Na5 28.
Nxc7 Nxb3 29. Nd5 Bd6 30. Re7 a5 31. bxa5 b4 32. Bxb4 Bxb4 33. Nxb4 Rc1+ 34.
Bf1 Nd2 35. a6 Rxf1+ 36. Kg2 Ra1 37. h3 Be4+ 38. f3 gxf3+ 39. Kf2 f5 40. d5
Rf1+ 41. Ke3 Nc4+ 42. Kd4 f2 43. a7 Ra1 0-1

[Event "73. Deutsche Meisterschaft"]
[Site "Altenkirchen"]
[Date "2001.11.30"]
[Round "1"]
[White "Lutz, Christopher"]
[Black "Handke, Florian"]
[Result "1-0"]
[WhiteElo "2643"]
[BlackElo "2407"]
[PlyCount "87"]

1. e4 c5 2. Nf3 Nc6 3. Bb5 g6 4. Bxc6 bxc6 5. O-O Bg7 6. Re1 Nh6 7. c3 O-O 8.
d4 cxd4 9. cxd4 f6 10. Nc3 d6 11. b3 Nf7 12. Bb2 Qb6 13. h3 Bd7 14. e5 Ng5 15.
Nxg5 fxg5 16. Ne4 g4 17. hxg4 Rf4 18. exd6 exd6 19. Qd2 Rxg4 20. d5 Bf5 21.
Nxd6 Rd8 22. Re7 Bf8 23. Nxf5 gxf5 24. Qc3 Bxe7 25. Qh8+ Kf7 26. Qxh7+ Ke8 27.
Qh5+ Kd7 28. Qxf5+ Kc7 29. Qxg4 Rxd5 30. Re1 Bc5 31. Qg7+ Rd7 32. Be5+ Kc8 33.
Qg8+ Rd8 34. Qe6+ Kb7 35. Qf7+ Ka6 36. Qc4+ Kb7 37. Qf7+ Ka6 38. Qc4+ Kb7 39.
Bg3 Rd2 40. Qf7+ Ka6 41. a4 Rb2 42. Rc1 Bd4 43. Rd1 Rc2 44. Qf5 1-0

[Event "73. Deutsche Meisterschaft"]
[Site "Altenkirchen"]
[Date "2001.11.30"]
[Round "1"]
[White "von Hermann, Ulf"]
[Black "Jussopow, Artur"]
[Result "1/2-1/2"]
[WhiteElo "2395"]
[BlackElo "2630"]
[PlyCount "106"]

1. d4 Nf6 2. c4 e6 3. Nf3 Bb4+ 4. Nbd2 O-O 5. a3 Be7 6. e3 c5 7. Bd3 cxd4 8.
exd4 b6 9. O-O Bb7 10. b3 d5 11. Bb2 Nc6 12. Rc1 Rc8 13. Re1 Re8 14. Bb1 Bf8
15. Nf1 g6 16. Ne3 Bg7 17. Re2 dxc4 18. bxc4 Na5 19. Ne5 Nd7 20. Nxd7 Qxd7 21.
Ba2 Ba6 22. Rd2 Red8 23. h3 Qd6 24. Qa4 Bb7 25. Rcd1 Qf4 26. Qb5 Bc6 27. Qb4
Ba8 28. d5 exd5 29. Bxg7 Kxg7 30. Qb2+ Qf6 31. Rd4 Nxc4 32. Bxc4 dxc4 33. Rxd8
Qxb2 34. Rxc8 Bb7 35. Rxc4 Qxa3 36. Rd7 Qa1+ 37. Kh2 Qe5+ 38. Kg1 Ba6 39. Rcc7
Qa1+ 40. Kh2 Qf6 41. Nd5 Qxf2 42. Rxa7 Bb5 43. Rxf7+ Qxf7 44. Rxf7+ Kxf7 45. h4
Be2 46. Nxb6 Ke6 47. Na4 Ke5 48. Nc3 Bc4 49. Nd1 Kf4 50. Nf2 h6 51. Nh3+ Kg4
52. g3 Bd5 53. Nf2+ Kf5 1/2-1/2

[Event "73. Deutsche Meisterschaft"]
[Site "Altenkirchen"]
[Date "2001.11.30"]
[Round "1"]
[White "Hertneck, Gerald"]
[Black "Schramm, Christian"]
[Result "1-0"]
[WhiteElo "2570"]
[BlackElo "2359"]
[PlyCount "78"]

1. d4 d5 2. c4 e6 3. Nf3 Nf6 4. g3 c6 5. Nbd2 c5 6. Bg2 Nc6 7. O-O Be7 8. dxc5
Bxc5 9. a3 O-O 10. b4 Be7 11. Qc2 Bd7 12. Bb2 Rc8 13. c5 a5 14. Bc3 b6 15. Rfc1
bxc5 16. bxc5 Nb8 17. Ng5 Bxc5 18. e3 Be7 19. Qd3 h6 20. Bxf6 hxg5 21. Bxe7
Qxe7 22. e4 dxe4 23. Nxe4 Rxc1+ 24. Rxc1 Bc6 25. Qd6 Qb7 26. Nc5 Qb2 27. Nd3
Qd2 28. Rxc6 Nxc6 29. Bxc6 Rc8 30. Be4 Qe2 31. Nc5 g6 32. Bb7 Re8 33. a4 Qb2
34. Bc6 Rc8 35. Qd7 Rb8 36. Nb7 g4 37. Qc7 Kg7 38. Kg2 Qc3 39. Nd6 39... Rf8 {
Schwarz ueberschreitet die Zeit} 1-0

[Event "73. Deutsche Meisterschaft"]
[Site "Altenkirchen"]
[Date "2001.11.30"]
[Round "1"]
[White "Haensel, Thomas"]
[Black "Espig, Lutz"]
[Result "0-1"]
[WhiteElo "2259"]
[BlackElo "2411"]
[PlyCount "104"]

1. e4 c5 2. Nf3 e6 3. d4 cxd4 4. Nxd4 a6 5. Bd3 Nf6 6. Qe2 d6 7. c4 g6 8. Nc3
Bg7 9. O-O O-O 10. Be3 b6 11. Rad1 Bb7 12. f4 Nbd7 13. Nb3 Qc7 14. Kh1 Nc5 15.
Nxc5 bxc5 16. Bg1 Rad8 17. Qc2 Nd7 18. Be2 Nb8 19. Bf3 Nc6 20. Ne2 e5 21. f5
Nd4 22. Bxd4 exd4 23. Nf4 Rfe8 24. Nd5 Bxd5 25. exd5 Re3 26. Be4 Qe7 27. Bd3
Qh4 28. Qf2 Qxf2 29. Rxf2 Rde8 30. fxg6 hxg6 31. g3 Be5 32. Kg2 Kg7 33. Rf3 f5
34. Rdf1 a5 35. R1f2 Rb8 36. Rc2 Rh8 37. Rcf2 Re8 38. Rf1 Rb8 39. R1f2 Rh8 40.
Rf1 Kf6 41. Rxe3 dxe3 42. Rf3 Bd4 43. b3 a4 44. bxa4 Rb8 45. g4 Rb2+ 46. Kf1
Rxh2 47. gxf5 g5 48. Rg3 Rf2+ 49. Ke1 Bc3+ 50. Kd1 Rd2+ 51. Kc1 Rxd3 52. Kc2 e2
0-1

[Event "73. Deutsche Meisterschaft"]
[Site "Altenkirchen"]
[Date "2001.11.30"]
[Round "1"]
[White "Jugelt, Thomas"]
[Black "Schulz, Karsten"]
[Result "1-0"]
[WhiteElo "2420"]
[BlackElo "2268"]
[PlyCount "117"]

1. Nf3 g6 2. e4 Bg7 3. d4 d6 4. h3 Nf6 5. Nc3 O-O 6. Be2 c5 7. dxc5 Qa5 8. O-O
Qxc5 9. Be3 Qc7 10. Qd2 Re8 11. e5 dxe5 12. Nb5 Qd7 13. Qxd7 Bxd7 14. Nc7 Nc6
15. Rfd1 Rac8 16. Nxe8 Bxe8 17. Bb5 e4 18. Bxc6 bxc6 19. Nd2 Nd5 20. Nxe4 f5
21. Nc3 Nxe3 22. fxe3 Rb8 23. Rab1 c5 24. Nd5 Kf7 25. b3 Bc6 26. Rd2 g5 27.
Rbd1 Be5 28. Rd3 h5 29. c4 h4 30. Kf1 Rg8 31. b4 cxb4 32. Nxb4 Ba4 33. Rc1 Rb8
34. Nd5 Bb2 35. Re1 e6 36. Nc7 Be5 37. Nb5 a6 38. Nd4 Bg3 39. Rc1 Rb2 40. Ra3
Bd7 41. Rxa6 Bc8 42. Ra7+ Bb7 43. Rxb7+ Rxb7 44. c5 Rb2 45. c6 Rf2+ 46. Kg1
Rxa2 47. c7 Bxc7 48. Rxc7+ Kf6 49. Rc6 Ra1+ 50. Kf2 Ra2+ 51. Kf3 g4+ 52. hxg4
fxg4+ 53. Kxg4 Rxg2+ 54. Kxh4 Ke5 55. Rxe6+ Kd5 56. Re8 Kd6 57. Nf5+ Kd7 58.
Re7+ Kd8 59. Rg7 1-0

[Event "73. Deutsche Meisterschaft"]
[Site "Altenkirchen"]
[Date "2001.12.01"]
[Round "2"]
[White "Braun, Arik"]
[Black "Muranyi, Karl Jasmin"]
[Result "1-0"]
[WhiteElo "2229"]
[BlackElo "2331"]
[PlyCount "67"]

1. d4 d5 2. c4 c6 3. Nc3 Nf6 4. e3 a6 5. Qc2 e6 6. Nf3 Nbd7 7. b3 Bd6 8. Bd3
O-O 9. O-O e5 10. cxd5 cxd5 11. e4 exd4 12. Nxd5 Nxd5 13. exd5 Nf6 14. Bb2 Bg4
15. Nxd4 Rc8 16. Qb1 Be5 17. h3 Qxd5 18. hxg4 Bxd4 19. Bxd4 Qxd4 20. g5 Ng4 21.
Bxh7+ Kh8 22. Qe4 Rfd8 23. Bf5 Qxe4 24. Bxe4 Rc5 25. Bxb7 Rxg5 26. Bxa6 Rd2 27.
Bb7 Rb5 28. Bf3 Ne5 29. Be4 g6 30. Rfd1 Rb2 31. Rd5 Rxd5 32. Bxd5 Kg7 33. a4
Nd3 34. a5 1-0

[Event "73. Deutsche Meisterschaft"]
[Site "Altenkirchen"]
[Date "2001.12.01"]
[Round "2"]
[White "Keilhack, Harald"]
[Black "Haensel, Thomas"]
[Result "1/2-1/2"]
[WhiteElo "2318"]
[BlackElo "2259"]
[PlyCount "43"]

1. Nf3 Nf6 2. c4 g6 3. Nc3 Bg7 4. e4 d6 5. d4 O-O 6. Be2 e5 7. O-O Nc6 8. d5
Ne7 9. Ne1 Nd7 10. Be3 f5 11. f3 f4 12. Bf2 g5 13. a4 a5 14. Nd3 b6 15. b4 axb4
16. Nb5 Nc5 17. a5 g4 18. axb6 Rxa1 19. Qxa1 cxb6 20. Nxc5 bxc5 21. fxg4 Qb6
22. Rb1 1/2-1/2

[Event "73. Deutsche Meisterschaft"]
[Site "Altenkirchen"]
[Date "2001.12.01"]
[Round "2"]
[White "Berezovsky, Igor"]
[Black "Knuth, Hannes"]
[Result "1-0"]
[WhiteElo "2432"]
[BlackElo "2313"]
[PlyCount "69"]

1. d4 Nf6 2. c4 e6 3. g3 Bb4+ 4. Bd2 Qe7 5. Bg2 O-O 6. Nf3 Bxd2+ 7. Qxd2 d6 8.
Nc3 c6 9. O-O e5 10. b4 e4 11. Ne1 Be6 12. d5 cxd5 13. cxd5 Bc8 14. Nc2 Re8 15.
Ne3 Nbd7 16. Rfc1 a6 17. Nf5 Qf8 18. Qd4 g6 19. Ne3 Qe7 20. a4 Rb8 21. Nc4 b6
22. e3 Bb7 23. Nd2 Qe5 24. Qxe5 dxe5 25. Ndxe4 Nxd5 26. Nd6 Nxc3 27. Rxc3 Bxg2
28. Nxe8 Bh3 29. Nc7 a5 30. Rb1 Bf5 31. Rb2 axb4 32. Rxb4 Rd8 33. g4 Be6 34.
Nxe6 fxe6 35. Rd3 1-0

[Event "73. Deutsche Meisterschaft"]
[Site "Altenkirchen"]
[Date "2001.12.01"]
[Round "2"]
[White "Schramm, Christian"]
[Black "Scherer, Max"]
[Result "1-0"]
[WhiteElo "2359"]
[BlackElo "2310"]
[PlyCount "93"]

1. d4 b6 2. e4 e6 3. Nf3 Bb7 4. Bd3 c5 5. c3 Nf6 6. Qe2 Be7 7. a3 Nc6 8. h4 d5
9. e5 Ne4 10. Nbd2 Nxd2 11. Bxd2 h6 12. b4 c4 13. Bc2 Qc7 14. h5 O-O-O 15. g3
Qd7 16. Nh4 Bg5 17. f4 Bxh4 18. Rxh4 Ne7 19. a4 a6 20. g4 g6 21. Qh2 Rdg8 22.
hxg6 Nxg6 23. Rh5 Qe8 24. Be3 Ne7 25. Qh3 Kb8 26. a5 b5 27. O-O-O Nc6 28. Rh1
Qe7 29. Bd2 Rc8 30. g5 Rc7 31. Rxh6 Rhc8 32. Rh8 Nd8 33. Qh6 Nc6 34. Qf6 Qxf6
35. exf6 Rd7 36. f5 e5 37. dxe5 d4 38. e6 fxe6 39. fxe6 Rd5 40. Bf4+ Ka7 41.
Rxc8 Bxc8 42. e7 Bd7 43. Be4 Nxe7 44. fxe7 Bc6 45. Bxd5 Bxd5 46. e8=Q Bxh1 47.
Qb8# 1-0

[Event "73. Deutsche Meisterschaft"]
[Site "Altenkirchen"]
[Date "2001.12.01"]
[Round "2"]
[White "Singer, Christoph"]
[Black "Grafl, Florian"]
[Result "1/2-1/2"]
[WhiteElo "2300"]
[BlackElo "2373"]
[PlyCount "80"]

1. d4 Nf6 2. Bf4 e6 3. e3 Be7 4. c3 b6 5. Nd2 c5 6. h3 O-O 7. Ngf3 d6 8. Bd3
Ba6 9. Qe2 Bxd3 10. Qxd3 Nc6 11. O-O Rc8 12. Rfd1 cxd4 13. exd4 d5 14. Re1 Qd7
15. Ne5 Qb7 16. a4 Nxe5 17. dxe5 Nd7 18. Qg3 Rfd8 19. Bh6 g6 20. h4 Rc7 21. Bg5
Bxg5 22. Qxg5 Rdc8 23. h5 b5 24. a5 b4 25. c4 dxc4 26. Ne4 Qd5 27. Nd6 Rf8 28.
Rad1 Qxa5 29. Nxc4 Rxc4 30. Rxd7 b3 31. Red1 Re4 32. f4 Qc5+ 33. Kh2 Qf2 34.
hxg6 Rxf4 35. gxf7+ Kh8 36. R1d4 Rxd4 37. Rxd4 Qxf7 38. Rd8 Rxd8 39. Qxd8+ Kg7
40. Qg5+ Qg6 1/2-1/2

[Event "73. Deutsche Meisterschaft"]
[Site "Altenkirchen"]
[Date "2001.12.01"]
[Round "2"]
[White "Espig, Lutz"]
[Black "Lobron, Eric"]
[Result "1/2-1/2"]
[WhiteElo "2411"]
[BlackElo "2524"]
[PlyCount "96"]

1. Nf3 Nf6 2. g3 d5 3. Bg2 e6 4. O-O c5 5. c4 Nc6 6. cxd5 exd5 7. d4 Be7 8. Nc3
O-O 9. b3 Bg4 10. dxc5 Bxc5 11. Bb2 Re8 12. Rc1 Bf8 13. Re1 Rc8 14. Nd4 h6 15.
Nxc6 bxc6 16. Na4 Bb4 17. Bc3 Ba3 18. Bb2 Bxb2 19. Nxb2 Qa5 20. Na4 c5 21. Qc2
c4 22. Qb2 cxb3 23. axb3 Rxc1 24. Qxc1 Bxe2 25. Qc3 Qb5 26. Qb2 Bd3 27. Rxe8+
Qxe8 28. Qd2 Be4 29. f3 Bf5 30. Nc3 d4 31. Ne2 d3 32. Nf4 Qb5 33. Bf1 Qc5+ 34.
Kg2 Qc2 35. Qxc2 dxc2 36. Ne2 Kf8 37. Nc1 Ke7 38. Kf2 Kd6 39. Ke3 Kc5 40. Bd3
Nd5+ 41. Kd2 Bxd3 42. Nxd3+ Kd4 43. Kxc2 Ne3+ 44. Kd2 Nf1+ 45. Ke2 Nxh2 46. Nb4
g5 47. Nc6+ Kc3 48. Nxa7 g4 1/2-1/2

[Event "73. Deutsche Meisterschaft"]
[Site "Altenkirchen"]
[Date "2001.12.01"]
[Round "2"]
[White "Baramidze, David"]
[Black "Schulz, Karsten"]
[Result "1-0"]
[WhiteElo "2335"]
[BlackElo "2268"]
[PlyCount "81"]

1. e4 b6 2. d4 Bb7 3. Nc3 e6 4. Nf3 g6 5. Bg5 Qc8 6. Bc4 d6 7. Qd2 Bg7 8. O-O-O
Nd7 9. h4 h6 10. Bf4 a6 11. Bb3 Ne7 12. Bg3 b5 13. a3 Nb6 14. h5 g5 15. Rhe1
Qd7 16. Qe2 Rb8 17. Nh2 Nc6 18. e5 d5 19. f4 Na5 20. fxg5 Qe7 21. gxh6 Bxh6+
22. Kb1 b4 23. axb4 Nxb3 24. cxb3 Qxb4 25. Qc2 Nd7 26. Ng4 Bg5 27. Nf6+ Nxf6
28. exf6 Bxf6 29. Bxc7 Rc8 30. Be5 Bxe5 31. Rxe5 a5 32. g4 Kd8 33. Re3 Ba6 34.
Qh2 Qb8 35. Qh4+ Kd7 36. Qf6 Rcf8 37. Nxd5 Qd8 38. Rc1 Qxf6 39. Nxf6+ Kd6 40.
Rec3 Bb7 41. Rc7 1-0

[Event "73. Deutsche Meisterschaft"]
[Site "Altenkirchen"]
[Date "2001.12.01"]
[Round "2"]
[White "Hammes, Michael"]
[Black "Dunsbach, Dr., Ralf"]
[Result "1/2-1/2"]
[WhiteElo "2374"]
[BlackElo "2312"]
[PlyCount "59"]

1. d4 Nf6 2. Nf3 g6 3. c4 Bg7 4. Nc3 d5 5. cxd5 Nxd5 6. Na4 Bf5 7. Nc5 b6 8. e4
bxc5 9. exf5 cxd4 10. Nxd4 O-O 11. fxg6 hxg6 12. Nc2 Nc6 13. Bc4 Ndb4 14. Qe2
Qd6 15. O-O Nxc2 16. Qxc2 Nd4 17. Qe4 Rab8 18. Rb1 Rfd8 19. b3 Nb5 20. Bxb5
Rxb5 21. Be3 Rd5 22. Bf4 Be5 23. Bxe5 Rxe5 24. Qf3 Rd5 25. g3 Rd2 26. Rfe1 e6
27. Re2 Qa6 28. Rxd2 Rxd2 29. Rd1 Rxd1+ 30. Qxd1 1/2-1/2

[Event "73. Deutsche Meisterschaft"]
[Site "Altenkirchen"]
[Date "2001.12.01"]
[Round "2"]
[White "Kalinitschew, Sergej"]
[Black "von Herman, Ulf"]
[Result "1-0"]
[WhiteElo "2487"]
[BlackElo "2395"]
[PlyCount "57"]

1. e4 c6 2. c4 d5 3. exd5 cxd5 4. cxd5 Nf6 5. Nc3 a6 6. Qb3 Nbd7 7. d4 Nb6 8.
Nf3 Nbxd5 9. Bc4 e6 10. Bg5 Nxc3 11. bxc3 Be7 12. a4 O-O 13. O-O Qc7 14. Rfe1
Bd7 15. Ne5 Bd6 16. Bxf6 gxf6 17. Nxd7 Qxd7 18. Rxe6 b5 19. Bd5 bxa4 20. Qa2
Rac8 21. Rxf6 Rxc3 22. Qd2 Bb4 23. Qg5+ Kh8 24. Qe5 Qe7 25. Qf5 Qc7 26. g3 Rc1+
27. Kg2 Qc8 28. Rxc1 Qxc1 29. Be4 1-0

[Event "73. Deutsche Meisterschaft"]
[Site "Altenkirchen"]
[Date "2001.12.01"]
[Round "2"]
[White "Handke, Florian"]
[Black "Bischoff, Dieter"]
[Result "1-0"]
[WhiteElo "2407"]
[BlackElo "2313"]
[PlyCount "95"]

1. e4 c5 2. Nf3 d6 3. d4 cxd4 4. Nxd4 Nf6 5. Nc3 Nc6 6. Bg5 e6 7. Qd2 a6 8.
O-O-O Bd7 9. f4 h6 10. Bh4 g5 11. fxg5 Ng4 12. Be2 Nge5 13. Nf3 Be7 14. Bg3
hxg5 15. Kb1 Nxf3 16. gxf3 Ne5 17. Qe3 Qc7 18. Rd4 O-O-O 19. Rhd1 Kb8 20. Rb4
Ka8 21. Na4 Bxa4 22. Rxa4 Nd7 23. Rc4 Qb6 24. Qxb6 Nxb6 25. Rcd4 e5 26. R4d2
Rc8 27. c3 Nd7 28. Kc2 Nc5 29. b3 b5 30. Kb2 Kb7 31. Rc2 Ne6 32. b4 Rc7 33. a4
bxa4 34. Ra1 Rc6 35. Rxa4 Rhc8 36. Rc1 Bd8 37. Rca1 a5 38. Be1 Nf4 39. Bf1 Ne6
40. bxa5 Ka8 41. Rb4 Nc5 42. Bc4 R6c7 43. a6 Ka7 44. Bf2 Rb8 45. Bd5 Rb6 46.
Kc2 Rxa6 47. Rab1 Ra2+ 48. Bxa2 1-0

[Event "73. Deutsche Meisterschaft"]
[Site "Altenkirchen"]
[Date "2001.12.01"]
[Round "2"]
[White "Bruehl, Andreas"]
[Black "Bastian, Herbert"]
[Result "0-1"]
[WhiteElo "2277"]
[BlackElo "2351"]
[PlyCount "124"]

1. e4 c5 2. Nf3 a6 3. b3 Nf6 4. e5 Nd5 5. c4 Nc7 6. Bb2 Nc6 7. g3 d6 8. Bg2 Bg4
9. h3 Bh5 10. O-O Ne6 11. g4 Bg6 12. d4 Nf4 13. exd6 cxd4 14. c5 exd6 15. Nxd4
Nxd4 16. Bxd4 Nxg2 17. Kxg2 dxc5 18. Re1+ Be7 19. Bxg7 Qxd1 20. Rxd1 Rg8 21.
Be5 f6 22. Bg3 f5 23. Nc3 Bf6 24. Re1+ Kf7 25. Rad1 Rad8 26. Nd5 fxg4 27. hxg4
Bd4 28. Ne7 Rge8 29. Bh4 Bc2 30. Rc1 Bd3 31. Nf5 Rxe1 32. Rxe1 Rd7 33. Nxd4
cxd4 34. Bg5 Rd5 35. Bd2 Rc5 36. Rc1 Bc2 37. f4 a5 38. Kf3 b5 39. Bxa5 Be4+ 40.
Kxe4 Rxc1 41. Kxd4 h6 42. Ke5 Rc2 43. a3 Rb2 44. Kf5 Rxb3 45. Bb4 Rg3 46. Bc5
Rd3 47. Bb4 Rd5+ 48. Ke4 Rd8 49. Kf5 Rd3 50. Ke4 Rg3 51. Kf5 Rg1 52. Bc5 Rc1
53. Bb4 Rc6 54. Ke5 Kg6 55. Bd2 Rc2 56. Bb4 Re2+ 57. Kd5 Rg2 58. Ke6 Rxg4 59.
f5+ Kh7 60. f6 Rf4 61. Ke7 Kg6 62. Bd2 Rf2 0-1